Statistiques concernant Personnalités politiques plusieurs fois ministres

Cliquez ici pour prendre le quiz!

Statistiques générales

  • Ce quiz a été pris 420 fois
  • Le résultat moyen est 11 sur 20

Statistiques - réponses

MinistreMinistères% Correct
Jacques ChiracAgriculture (1972-1974)Intérieur (1974)Premier Ministre (1974-1976)Premier Ministre (1986-1988)
90%
Manuel VallsIntérieur (2012-2014)Premier Ministre (2014-2016)
84%
Gérald DarmaninBudget (2017-2020)Intérieur (depuis 2020)
82%
Bruno Le MaireAgriculture (2009-2012)Économie (depuis 2017)
79%
Nicolas SarkozyBudget (1993-1995)Intérieur (2002-2004)Économie (2004)Intérieur (2005-2007)
78%
Bernard CazeneuveIntérieur (2014-2016)Premier Ministre (2016-2017)
77%
Dominique de VillepinAffaires étrangères (2002-2004)Intérieur (2004-2005)Premier Ministre (2005-2007)
71%
Alain JuppéAffaires étrangères (1993-1995)Premier Ministre (1995-1997)Écologie (2007)Défense (2010-2011)Affaires étrangères (2011-2012)
69%
Jean-Yves Le DrianDéfense (2012-2017)Affaires étrangères (2017-2022)
69%
Laurent FabiusRecherche (1983-1984)Premier Ministre (1984-1986)Économie (2000-2002)Affaires étrangères (2012-2016)
67%
François BayrouÉducation nationale (1993-1997)Justice (2017)
45%
Michèle Alliot-MarieJeunesse et Sports (1993-1995)Défense (2002-2007)Intérieur (2007-2009)Justice (2009-2010)Affaires étrangères (2010-2011)
37%
Jean-Pierre ChevènementRecherche (1981-1983)Éducation nationale (1984-1986)Défense (1988-1991)Intérieur (1997-2000)
35%
Michel SapinÉconomie (1992-1993)Fonction publique (2000-2002)Travail (2012-2014)Économie (2014-2017)
35%
Brice HortefeuxImmigration (2007-2009)Travail (2009)Intérieur (2009-2011)
34%
Bernard KouchnerSanté (1992-1993)Affaires étrangères (2007-2010)
29%
Christine LagardeAgriculture (2007)Économie (2007-2011)
23%
François BaroinOutre-mer (2005-2007)Intérieur (2007)Budget (2010-2011)Économie (2011-2012)
20%
Jean-Louis BorlooTravail (2004-2007)Économie (2007)Écologie (2007-2010)
20%
Élisabeth GuigouJustice (1997-2000)Travail (2000-2002)
19%

Distribution des résultats

Percentile par nombre de réponses

% des personnes avec chaque résultat

Votre développement - résultats

Vous n’avez pas pris ce quiz